000 01028cam a22002415a 4500
001 15438001
005 20090209082708.0
008 080904s2008 ke b 000 0 eng
010 _a 2008346839
020 _a9966768556
040 _aDLC
_cDLC
042 _alcode
050 _aBS410
_b.O66 2008
100 1 _aOchola-Omolo, Joseph.
245 1 0 _aReconciliation in an African context :
_bPaul's theology of reconciliation : engaging honour and shame cultural elements among the Gusii, Luhya, and Luo people of western Kenya /
_cJoseph Ochola-Omolo.
260 _aNairobi :
_bUzima Pub. House,
_cc2008.
300 _aviii, 189 p. :
_bill. ;
_c21 cm.
504 _aIncludes bibliographical references (p. 178-189).
906 _a7
_bibc
_corigode
_d3
_encip
_f20
_gy-gencatlg
942 _2lcc
_cBK
999 _c34380
_d34380